The humanistic tradition (Бичлэгийн дугаар. 146105)
| 000 -УДИРДЛАГА | |
|---|---|
| Удирдлага | 01293nam a22003857a 4500 |
| 003 - ХЯНАЛТЫН ТОО ТОДОРХОЙЛОГЧ | |
| Код | MN-UlNUM |
| 005 - БИЧИЛТ ХИЙСЭН ОГНОО | |
| Тухайн бичилтийг бичсэн засварласан сүүлийн огноо | 20260106210418.0 |
| 008 - ЕРӨНХИЙ МЭДЭЭЛЭЛ | |
| Ерөнхий мэдээлэл | 121120s2006 maua|||| |||| 001 | eng d |
| 020 ## - ISBN | |
| ISBN | 9780072910124 |
| -- | 0072910124 |
| 040 ## - БИЧЛЭГ ҮҮСГЭГЧ БАЙГУУЛЛАГА | |
| Бичлэг үүсгэгч номын сангийн код | МУИС-ийн номын сан |
| 084 ## - ББК АНГИЛАЛ | |
| Нэмэлт тусгалт | Нэг сэдэвт бүтээл |
| ББК ангилал | 63.3(0) |
| Зохиогчийн гурван тэмдэгт | F 50 |
| Мэдлэгийн ялгаа | 63 - Түүх |
| 100 10 - ЗОХИОГЧ | |
| Зохиогчийн нэр | Fiero, Gloria K. |
| 245 14 - ҮНДСЭН ГАРЧИГ | |
| Номын нэр | The humanistic tradition |
| Ботийн дугаар | Volume I: |
| Ботийн нэр | The early modern world to the present |
| Оролцогчдын тухай мэдээ | Gloria K. Fiero |
| 250 ## - ДАХИН ХЭВЛЭЛТ | |
| Дахин гаралтын дугаар | 5th edition |
| 260 ## - ГАРАЛТЫН МЭДЭЭ | |
| Хэвлэгдсэн газар | Boston |
| Хэвлэлийн газар | McGraw Hill |
| Хэвлэгдсэн он | 2006 |
| 300 ## - МАТЕРИАЛЫН ТОДОРХОЙЛОЛТ | |
| хуудасны тоо | 498 pages: |
| Бусад тоон мэдээлэл | illustrations; |
| 500 ## - Тайлбар | |
| Дансны дугаар | БС 6077 |
| 546 ## - ХЭЛНИЙ ТУХАЙ МЭДЭЭ | |
| Хэл | Англи хэл дээр, |
| 653 ## - Түлхүүр үг | |
| Түлхүүр үг | civilization, western |
| 653 ## - Түлхүүр үг | |
| Түлхүүр үг | humanism history |
| 653 ## - Түлхүүр үг | |
| Түлхүүр үг | textbooks |
| 740 ## - НОМЫН ГАРЧИГ | |
| Гарчиг | The First Civilizations and the Classical Legacy |
| 740 ## - НОМЫН ГАРЧИГ | |
| Гарчиг | The First Civilizations |
| 740 ## - НОМЫН ГАРЧИГ | |
| Гарчиг | Egypt: Gods, Rulers, and the Social Order |
| 740 ## - НОМЫН ГАРЧИГ | |
| Гарчиг | Mesopotamia: Gods, Rulers, and the Social Order |
| 740 ## - НОМЫН ГАРЧИГ | |
| Гарчиг | India and China: Gods, Rulers, and the Social Order |
| 740 ## - НОМЫН ГАРЧИГ | |
| Гарчиг | The Classical legacy |
| 740 ## - НОМЫН ГАРЧИГ | |
| Гарчиг | Greece: Humanism and the Speculative Leap |
| 740 ## - НОМЫН ГАРЧИГ | |
| Гарчиг | The Classical Style |
| 740 ## - НОМЫН ГАРЧИГ | |
| Гарчиг | Rome: The Rice to Empire |
| 740 ## - НОМЫН ГАРЧИГ | |
| Гарчиг | China: The Rice to Empire |
| 942 ## - ЭЛЕМЕНТИЙН ТӨРӨЛ | |
| Зүйлийн төрөл | Ном |
